| 000 | 00642cam a2200217 a 4500 | ||
|---|---|---|---|
| 999 |
_c3942 _d3942 |
||
| 001 | 19374 | ||
| 003 | BD-DhUAP | ||
| 005 | 20200315153358.0 | ||
| 008 | 200315s1998 enk b 000 0 eng | ||
| 020 | _a1853267651 | ||
| 040 |
_aDLC _cDLC _bEng _dBD-DhUAP |
||
| 082 |
_223 _a423 WOR |
||
| 245 | 0 | 0 |
_aThe Wordsworth dictionary and thesaurus / _cEdited by Catherine Schwarz. |
| 260 |
_aEdinburgh : _bWordsworth Reference, _cc1998. |
||
| 300 |
_a450 pages ; _c27 cm. |
||
| 650 |
_aEnglish language _vSynonyms and antonyms. |
||
| 650 | _aEncyclopedias and dictionaries. | ||
| 650 | _aThesauri. | ||
| 700 | _aSchwarz, Catherine. | ||
| 942 |
_2ddc _cBK |
||